00546nam a2200193 a 450000100060000000300080000600500170001400800410003103500190007204000360009104100080012708200260013524500470016126000470020830000350025550000190029065000250030970000180033449713BD-RjUL20211209054722.0160822s1964 mau |ob |||||0|eng d a(BD-RjUL)49833 aDLCcDLCdVaAlASPdBD-RjULbeng aeng 223a331.082bMAN 196401aMan in a world at workced. by Henry Borow aBoston :bHoughton Mifflin company,cc1964 axvii, 606 p. :bill. ;c27 cm. aIncludes Index 0aVocational guidance. aBorow, Henry,